Statistiques concernant SM Caen Squad 2019-2020

Cliquez ici pour prendre le quiz!

Statistiques générales

  • Ce quiz a été pris 51 fois
  • Le résultat moyen est 8 sur 26

Statistiques - réponses

Numéropostenationalitéjoueur% Correct
30GKFranceRémy Riou
87%
8MFFranceJessy Deminguet
66%
15MFSlovénieJan Repas
55%
2DFBurkina-FasoSteeve Yago
45%
28DFFranceAnthony Weber
42%
18DFFranceJonathan Rivierez
42%
3DFFranceYoël Armougom
42%
14FWCôte-d'IvoireCaleb Zady Sery
39%
22DFSénégalAdama Mbengue
37%
34FWFinlandeTimo Stavitski
37%
7FWUnited StatesNicholas Gioacchini
34%
9FWFranceBenjamin Jeannot
32%
24DFFranceHugo Vandermersch
32%
1GKFranceErwin Zelazny
26%
16GKFranceThomas Callens
24%
17MFFranceAnthony Goncalves
21%
20MFCongoDurel Avounou
21%
29MFFranceJessy Pi
21%
6MFFranco-CongolaisPrince Oniangué
21%
19FWFranceMalik Tchokounté
18%
4DFSénégalPape Djibril Diaw
13%
11FWFranco-SénégalaisSanty Ngom
11%
27MFMarocAzzeddine Toufiqui
8%
25FWFranceGodson Kyeremeh
8%
23FWFranceHerman Moussaki
8%
10FWFranceJordan Tell
8%

Distribution des résultats

Percentile par nombre de réponses

% des personnes avec chaque résultat

Votre développement - résultats

Vous n’avez pas pris ce quiz